00374nam a22001217a 450000100090000000300090000900500170001824500730003525000100010826000330011849000250015150000760017602513552AR-BeUNQ20220818182005.0 aAgitación en América Latina.cNueva Sociedadhsoporte papeln295 3a1a.ed 3aBuenos Aires :bNUSO, c2021 3aNueva ]Sociedadv295 aInstalación de la agitación política y social en AL y el Caribe.